Profesion Salud (Registro nro. 1245)

Detalles MARC
000 -LEADER
fixed length control field 00447nas a22001457a 4500
008 - CAMPO DE CONTROL RECURSOS CONTINUADOS
fixed length control field 130312t20019999ag ||||| |||| 00| 0 spa d
245 ## - TITULO
Titulo Profesion Salud
260 ## - PUBLICACION, DISTRIBUCION, ETC. (PIE DE IMPRENTA)
Lugar de publicación, distribución, etc Buenos Aires:
Nombre de la editorial, distribuidor, etc. EB Editorial Biotecnologica,
Fecha de publicación 2001
300 ## - DESCRIPCION FISICA
Extensión v. :
546 ## - NOTA DE IDIOMA
Nota de lenguaje español
590 ## - NOTAS LOCALES (RLIN)
Nota local Existencias: 2000 1(1); 2001 2(6-12); 2002 2(16) 3(17,18)<br/>BAJA DEPOSITO (CAJA 22) MAYO 2019
650 ## - MATERIA-TERMINO TEMATICO
Término temático SALUD
9 (RLIN) 1975
650 ## - MATERIA-TERMINO TEMATICO
Término temático SALUD PUBLICA
9 (RLIN) 1914
942 ## - ADDED ENTRY ELEMENTS (KOHA)
Source of classification or shelving scheme Dewey Decimal Classification
Item type Continuing Resources

No hay ítems disponibles.


UNIVERSIDAD NACIONAL DEL COMAHUE
Biblioteca de la Facultad de Ciencias Médicas
Sede Toschi: Los Arrayanes y Av. Toschi, Cipolletti  - Rio Negro
Sede Los Tordos:  Yrigoyen al 2211, Cipolletti - Rio Negro 

Teléfono: 0299 - 4774707 int 25
Contacto: biblioteca@facimed.uncoma.edu.ar
© 2011 - 2026